| 000 | 00682nam a2200277Ia 4500 | ||
|---|---|---|---|
| 001 | 3860 | ||
| 005 | 20240113233658.0 | ||
| 007 | ta | ||
| 008 | 050604s1999 a g b000 u eng u | ||
| 020 | _a0-201-47447-6 | ||
| 040 | _aCotton College,Assam | ||
| 041 | _aeng | ||
| 082 |
_a512 _bLa 22 Al |
||
| 100 | _aLang, Serge . | ||
| 245 | 0 |
_aAlgebra / _cSerge Lang. _hTheses |
|
| 250 | _a3rd ed. / | ||
| 260 |
_aCalifornia : _bAddison- Wesley , _c1999. |
||
| 300 |
_axv, 912p. : _bill ; _c23cm . |
||
| 504 | _aBib, Index | ||
| 653 | _aMathematics | ||
| 653 | _aAlgebra | ||
| 653 | _aPG-Mathematics | ||
| 942 |
_2ddc _cBK |
||
| 999 |
_c3848 _d3848 |
||